000 00345nam a2200145Ia 4500
005 20251222125350.0
008 251222s1900||||xx |||||||||||||| ||spa||
020 _a978-84-668-1940-4
082 _aCD425.02/B42/1/Ej.3
100 _aBen, Goldstein
245 0 _aNew Framework:
250 _a1a.ed.
264 _bRichmond Publishing
942 _cCD
999 _c2702
_d2702